Bitwy II wojny światowej-nagła śmierć - Statystyki

Ogólne statystyki
  • Ten quiz został rozwiązany 167 razy
  • Średni wynik to 7 z 10
Answers on the Grid
Answers color-coded by a green-red scale on the quiz's grid according to % correct below.
bitwa o Staliningrad
bitwa pod Hastings
bitwa o Anglia
bitwa o Midway
bitwa nad Bzurą
bitwa o Galipoli
bitwa pod Marną
bitwa o Atlantyk
bitwa pod Kurskiem
bitwa pod Tannembergiem
bitwa pod Verdun
bitwa o Monte Casino
bitwa pod Isonzo
bitwa nad Somą
bitwa pod Mokrą
bitwa pod Wizną
bitwa pod Ypres
bitwa o Narwik
bitwa o Yorktown
bitwa pod Chocimiem
 
Statystyki odpowiedzi
Odpowiedź % Poprawnych
bitwa o Staliningrad
93%
bitwa o Anglia
88%
bitwa o Midway
76%
bitwa nad Bzurą
73%
bitwa o Monte Casino
73%
bitwa pod Kurskiem
71%
bitwa o Atlantyk
63%
bitwa o Narwik
59%
bitwa pod Wizną
51%
bitwa pod Mokrą
49%
Nie znaleziono quizów pasujących do podanych kryteriów
Rozkład punktacji
Procent ludzi z każdym wynikiem
Percentyl według liczby udzielonych odpowiedzi
Twoja historia wyników
Nie rozwiązałeś tego quizu